Výkonnosť podnikov stavebníctva a perspektívy jej vývoja

Stavebníctvo predstavuje jeden z hlavných pilierov vývoja slovenského hospodárstva, ale posledná svetová hospodárska recesia výrazne spomalila jeho rastové tendencie, ktoré sa doteraz nepodarilo obnoviť. Vývoj podielu stavebníctva na vybraných makroekonomických ukazovateľoch. Vývoj vybraných ukazova...

Descripción completa

Guardado en:
Detalles Bibliográficos
Autor principal: Majdúchová, Helena, 1963-
Formato: Capítulo de libro
Lenguaje:eslovaco
Materias:
Etiquetas: Agregar Etiqueta
Sin Etiquetas, Sea el primero en etiquetar este registro!

MARC

LEADER 00000nla a2200000 4500
001 0198163
005 20240522123110.8
041 0 |a slo 
044 |a SK 
245 1 0 |a Výkonnosť podnikov stavebníctva a perspektívy jej vývoja  |c Helena Majdúchová 
520 |a Stavebníctvo predstavuje jeden z hlavných pilierov vývoja slovenského hospodárstva, ale posledná svetová hospodárska recesia výrazne spomalila jeho rastové tendencie, ktoré sa doteraz nepodarilo obnoviť. Vývoj podielu stavebníctva na vybraných makroekonomických ukazovateľoch. Vývoj vybraných ukazovateľov stavebníctva. Štruktúra stavebnej produkcie podľa smerov výstavby. Faktory ovplyvňujúce výkonnosť podnikov v stavebníctve. Ziskové a stratové podniky v roku 2013. Vybrané ukazovatele podnikov stavebníctva. Vývoj vybraných ukazovateľov platobnej schopnosti. Perspektívy vývoja výkonnosti stavebných podnikov. 
610 2 0 |a stavebníctvo 
610 2 0 |a ukazovatele makroekonomické 
610 2 0 |a podnik stavebný 
610 2 0 |a ukazovatele 
610 2 0 |a výkonnosť podniku 
610 2 0 |a zisk podnikový 
610 2 0 |a strata 
610 2 0 |a solventnosť 
610 2 0 |a recesia 
610 2 0 |a Slovensko 
100 1 |a Majdúchová, Helena, 1963-